<?xml version="1.0" encoding="UTF-8"?>
<record
    xmlns:xsi="http://www.w3.org/2001/XMLSchema-instance"
    xsi:schemaLocation="http://www.loc.gov/MARC21/slim http://www.loc.gov/standards/marcxml/schema/MARC21slim.xsd"
    xmlns="http://www.loc.gov/MARC21/slim">

  <leader>02313nam a2200277Ia 4500</leader>
  <controlfield tag="003">OSt</controlfield>
  <controlfield tag="005">20211104125011.0</controlfield>
  <controlfield tag="008">210310s2012    sp ad  fr     000 0dspa d</controlfield>
  <datafield tag="020" ind1=" " ind2=" ">
    <subfield code="a">9788415538677</subfield>
  </datafield>
  <datafield tag="040" ind1=" " ind2=" ">
    <subfield code="a">CO-JMCR</subfield>
    <subfield code="c">CO-JMCR</subfield>
  </datafield>
  <datafield tag="041" ind1="0" ind2=" ">
    <subfield code="a">spa</subfield>
  </datafield>
  <datafield tag="082" ind1="0" ind2="4">
    <subfield code="a">338.9 /</subfield>
    <subfield code="b">W344d</subfield>
    <subfield code="2">23</subfield>
  </datafield>
  <datafield tag="100" ind1="1" ind2=" ">
    <subfield code="a">Williamson, Jeffrey G.</subfield>
    <subfield code="9">18077</subfield>
    <subfield code="e">autor</subfield>
  </datafield>
  <datafield tag="245" ind1="1" ind2="3">
    <subfield code="a">El desarrollo econ&#xF3;mico mundial en prospectiva hist&#xF3;rica : </subfield>
    <subfield code="b">cinco siglos de revoluciones industriales, globalizaci&#xF3;n y desigualdad / </subfield>
    <subfield code="c">Jeffrey G. Williamson ; Santiago Colmenares, traductor y coordinador cient&#xED;fico</subfield>
  </datafield>
  <datafield tag="260" ind1=" " ind2=" ">
    <subfield code="a">Zaragoza : </subfield>
    <subfield code="b">Prensas de la Universidad de Zaragoza, </subfield>
    <subfield code="c">2012</subfield>
  </datafield>
  <datafield tag="300" ind1=" " ind2=" ">
    <subfield code="a">645 p&#xE1;ginas : </subfield>
    <subfield code="b">ilustraciones y gr&#xE1;ficas a blanco y negro ; </subfield>
    <subfield code="c">21 cm.</subfield>
  </datafield>
  <datafield tag="490" ind1="0" ind2=" ">
    <subfield code="a">Ciencias sociales ; </subfield>
    <subfield code="v">88</subfield>
  </datafield>
  <datafield tag="500" ind1=" " ind2=" ">
    <subfield code="a">Incluye notas a pie de p&#xE1;gina y datos biogr&#xE1;ficos de autor.</subfield>
  </datafield>
  <datafield tag="504" ind1=" " ind2=" ">
    <subfield code="a">Bibliograf&#xED;a: p&#xE1;ginas 569-628</subfield>
  </datafield>
  <datafield tag="505" ind1="0" ind2=" ">
    <subfield code="a">La primera revoluci&#xF3;n industrial: debate y evidencias emp&#xED;ricas -- Transacciones demogr&#xE1;ficas y revoluciones industriales -- &#xBF;Genera la globalizaci&#xF3;n una desigualdad mayor? -- Globalizaci&#xF3;n: Evoluci&#xF3;n y pol&#xED;ticas. Del mercantilismo al primer siglo global -- La globalizaci&#xF3;n en la periferia: desindustrializaci&#xF3;n y protecci&#xF3;n -- El surgimiento del mercado mundial de factores: fuerza de trabajo y capital</subfield>
  </datafield>
  <datafield tag="520" ind1="3" ind2=" ">
    <subfield code="a">ciencia Sociales

&#xBF;POR QU&#xC9; HA CRECIDO EL COMERCIO MUNDIAL? &#xBF;Desde hace cu&#xE1;nto vivimos en un mundo globali zado? &#xBF;Por qu&#xE9; los primeros pa&#xED;ses en industrializar se fueron tambi&#xE9;n pioneros en la emigraci&#xF3;n masiva de sus poblaciones? &#xBF;Por qu&#xE9; la revoluci&#xF3;n industrial tard&#xF3; tanto en llegar a varios puntos del planeta? El presente libro recoge las aportaciones de Jeffrey G. Williamson a los temas m&#xE1;s relevantes para comprender el desarrollo econ&#xF3;mico en los &#xFA;ltimos quinientos a&#xF1;os. Williamson, uno de los historiadores m&#xE1;s prol&#xED;ficos de la actualidad, es el referente principal para la historiograf&#xED;a econ&#xF3;mica neocl&#xE1;sica. Los trabajos aqu&#xED; reunidos se basan en un minucioso an&#xE1;lisis de nuevos datos emp&#xED;ricos, fruto de m&#xE1;s de veinte a&#xF1;os de investigaci&#xF3;n.</subfield>
  </datafield>
  <datafield tag="650" ind1="1" ind2="4">
    <subfield code="a">Desarrollo econ&#xF3;mico y social</subfield>
    <subfield code="9">18079</subfield>
  </datafield>
  <datafield tag="650" ind1="2" ind2="4">
    <subfield code="a">Historia econ&#xF3;mica</subfield>
    <subfield code="y">Siglo XVI-XX</subfield>
    <subfield code="9">41413</subfield>
  </datafield>
  <datafield tag="700" ind1="1" ind2=" ">
    <subfield code="a">Colmenares, Santiago, </subfield>
    <subfield code="e">traductor</subfield>
    <subfield code="9">41414</subfield>
  </datafield>
  <datafield tag="942" ind1=" " ind2=" ">
    <subfield code="2">ddc</subfield>
    <subfield code="c">BK</subfield>
  </datafield>
  <datafield tag="999" ind1=" " ind2=" ">
    <subfield code="c">8716</subfield>
    <subfield code="d">8716</subfield>
  </datafield>
  <datafield tag="952" ind1=" " ind2=" ">
    <subfield code="0">0</subfield>
    <subfield code="1">0</subfield>
    <subfield code="2">ddc</subfield>
    <subfield code="4">0</subfield>
    <subfield code="7">0</subfield>
    <subfield code="8">NFIC</subfield>
    <subfield code="a">CPL</subfield>
    <subfield code="b">CPL</subfield>
    <subfield code="d">2018-04-15</subfield>
    <subfield code="e">Donaci&#xF3;n</subfield>
    <subfield code="l">1</subfield>
    <subfield code="o">338.9 / W344d</subfield>
    <subfield code="p">430000313</subfield>
    <subfield code="r">2024-05-16 00:00:00</subfield>
    <subfield code="s">2023-05-18</subfield>
    <subfield code="t">Ej.1</subfield>
    <subfield code="y">BK</subfield>
  </datafield>
</record>
